RANDOM - Statistics

General Stats
  • This quiz has been taken 67 times
    53 since last reset
  • The average score is 8 of 12
Answer Stats
Picture Answer % Correct
Pig
98%
Cow
78%
Hedgehog
76%
Owl
76%
Butterfly
74%
Hippopotamus
72%
Chicken
70%
Grasshopper
64%
Platypus
56%
Hummingbird
54%
Beluga
46%
Lemming
12%
No matching quizzes found
Score Distribution
Percent of People with Each Score
Percentile by Number Answered
Your Score History
You have not taken this quiz since the last reset